It looks like you're offline.
Open Library logo
additional options menu

MARC Record from Scriblio

Record ID marc_records_scriblio_net/part27.dat:117600100:714
Source Scriblio
Download Link /show-records/marc_records_scriblio_net/part27.dat:117600100:714?format=raw

LEADER: 00714nam 2200229 a 4500
001 98111774
003 DLC
005 19980506150805.4
008 980205s1997 fr af b 000 0 fre
010 $a 98111774
020 $a2070749797
035 $a(OCoLC)38093739
040 $aDLC$cDLC
050 00 $aPQ2631.R63$bZ5452575 1997
082 00 $a843/.912$221
100 1 $aBrassaï,$d1899-
245 10 $aMarcel Proust sous l'emprise de la photographie /$cBrassaï.
260 $aParis :$bGallimard,$cc1997.
300 $a176 p., 16 p. of plates :$bill. ;$c21 cm.
500 $a"16 photographies de l'auteur."
504 $aIncludes bibliographical references.
600 10 $aProust, Marcel,$d1871-1922$xKnowledge$xPhotography.